God Bless America Lyrics - Statistics

General Stats
  • This quiz has been taken 138 times
  • The average score is 40 of 47
Answer Stats
Lyric % Correct
a
98%
America
97%
America
97%
America
97%
bless
97%
bless
97%
bless
97%
God
97%
God
97%
God
97%
the
93%
the
93%
the
93%
the
93%
home
88%
home
88%
home
88%
home
88%
Land
88%
and
87%
I
86%
my
86%
my
86%
love
84%
sweet
84%
sweet
84%
from
83%
From
83%
that
83%
to
82%
To
82%
guide
80%
mountains
80%
her
78%
her
78%
Stand
78%
beside
77%
above
76%
oceans
76%
with
74%
with
74%
light
73%
prairies
72%
Through
70%
night
69%
white
68%
foam
67%
No matching quizzes found
Score Distribution
Percent of People with Each Score
Percentile by Number Answered
Your Score History
You have not taken this quiz